000 00594cam a22001698a 4500
020 _a1851662693
082 0 _a624.1892
_bFEL
_cL-21, P-79
100 1 _aFeldman, Dorel.
_947393
245 1 0 _aPolymeric building materials /
_cDorel Feldman.
260 _aLondon ;
_aNew York :
_bElsevier Applied Science ;
_aNew York :
_bSole distributor in the USA and Canada, Elsevier Science Pub. Co.,
_c1989.
300 _axviii, 575 p. :
_bill. ;
_c23 cm.
526 _a0
_b0
_c0
_d624_189200000000000_FEL
650 0 _aBuilding materials.
650 0 _aMCE
_9379
650 0 _aPolymers.
_92051
942 _2ddc
_cBK
999 _c550655
_d550655